Επιστημονική επετηρίδα : Τμήμα Ψυχολογίας

Αποθηκεύτηκε σε:
Λεπτομέρειες βιβλιογραφικής εγγραφής
Συγγραφή απο Οργανισμό/Αρχή: Αριστοτέλειο Πανεπιστήμιο Θεσσαλονίκης Φιλοσοφική Σχολή Τμήμα Ψυχολογίας
Άλλοι συγγραφείς: Κορδούτης, Παναγιώτης Σ. (Επιμελητής έκδοσης), Μασούρα, Ελβίρα (Επιμελητής έκδοσης), Παπαληγούρα, Ζαΐρα, 1950- (Επιμελητής έκδοσης)
Μορφή: Βιβλίο
Γλώσσα:Greek
English
Δημοσίευση: Θεσσαλονίκη : Αριστοτέλειο Πανεπιστήμιο Θεσσαλονίκης, c2007
Θέματα:
Ετικέτες: Προσθήκη ετικέτας
Δεν υπάρχουν, Καταχωρήστε ετικέτα πρώτοι!

MARC

LEADER 00000cam a2200000 i 4500
001 1/85804
008 080521s2007 gre d
035 |l 10097509 
040 |a GR-MY-UA  |b gre  |e aacr 
041 0 |a gre  |a eng 
082 0 |a 150.7105 
110 2 |a Αριστοτέλειο Πανεπιστήμιο Θεσσαλονίκης  |b Φιλοσοφική Σχολή  |b Τμήμα Ψυχολογίας. 
245 1 0 |a Επιστημονική επετηρίδα :  |b Τμήμα Ψυχολογίας /  |c Αριστοτέλειο Πανεπιστήμιο Θεσσαλονίκης ; συντακτική επιτροπή: Κορδούτης Παναγιώτης, Παπαληγούρα Ζαΐρα, Μασούρα Ελβίρα 
260 |a Θεσσαλονίκη :   |b Αριστοτέλειο Πανεπιστήμιο Θεσσαλονίκης,   |c c2007 
300 |a ... τ.;  |c 24 εκ. 
610 2 0 |a Αριστοτέλειο Πανεπιστήμιο Θεσσαλονίκης. 
650 0 0 |a Psychology  |x Periodicals. 
650 0 0 |a Yearbooks. 
700 1 |a Κορδούτης, Παναγιώτης Σ.  |e edt 
700 1 |a Μασούρα, Ελβίρα.  |4 edt 
700 1 |4 edt  |a Παπαληγούρα, Ζαΐρα,   |d 1950- 
852 |a INST  |b RHODES  |e 20080521  |h 150.7105 ΕΠΙ  |p 005400029109  |q 005400029109  |t BK  |y 0 
909 |a Ρ  |b 150134 
970 |a ΜΙΣΣΟΣ  |b ΣΤΑΥΡΟΣ  |z 2008/05/21